header

The end of St. Petersburg (Record no. 136260)

MARC details
000 -LEADER
fixed length control field 01401nam a2200349 a 4500
082 04 - DEWEY DECIMAL CLASSIFICATION NUMBER
Classification number 791.4372
100 1# - MAIN ENTRY--AUTHOR NAME
Personal name Kepley, Vance,
245 14 - TITLE STATEMENT
Title The end of St. Petersburg
260 ## - PUBLICATION, DISTRIBUTION, ETC. (IMPRINT)
Place of publication London ;
-- New York :
Name of publisher I.B. Tauris ;
Place of publication New York :
Name of publisher Distributed in the U.S. and Canada by St. Martin's Press,
Year of publication 2003.
300 ## - PHYSICAL DESCRIPTION
Number of Pages ix, 122 p. :
Other physical details ill.
490 1# - SERIES STATEMENT
Series statement KINOfiles film companions ;
856 40 - ELECTRONIC LOCATION AND ACCESS
Uniform Resource Identifier http://site.ebrary.com/lib/rucke/Doc?id=10445307

No items available.

© 2026 Rongo University
Contact us: librarian | system librarian | Rongo university